Copa do Mundo da FIFA de 1986 - Statistics

Estatísticas Gerais
  • Esse quiz foi jogado 170 vezes
  • A pontuação média é 19 de 24
Estatísticas das Respostas
Grupo Time % Correto
Grupo A Argentina
100%
Grupo D Brasil
99%
Grupo B México
94%
Grupo E Uruguai
94%
Grupo D Espanha
93%
Grupo E Alemanha Ocidental
92%
Grupo C França
89%
Grupo A Itália
88%
Grupo F Inglaterra
86%
Grupo B Bélgica
83%
Grupo B Paraguai
81%
Grupo C União Soviética
79%
Grupo A Coréia do Sul
76%
Grupo F Polônia
76%
Grupo F Portugal
76%
Grupo C Canadá
71%
Grupo E Escócia
70%
Grupo A Bulgária
69%
Grupo E Dinamarca
69%
Grupo C Hungria
69%
Grupo F Marrocos
65%
Grupo D Argélia
64%
Grupo D Irlanda do Norte
58%
Grupo B Iraque
50%
Nenhum quiz correspondente encontrado
Distribuição das Pontuações
Porcentagem de Pessoas com Cada Pontuação
Percentil de Números Respondidos
Sua Pontuação Histórica
Você não jogou esse quiz